MARC details
| 000 -LEADER |
| fixed length control field |
02161cam a2200373 a 4500 |
| 001 - CONTROL NUMBER |
| control field |
14586130 |
| 003 - CONTROL NUMBER IDENTIFIER |
| control field |
ARRUPE |
| 005 - DATE AND TIME OF LATEST TRANSACTION |
| control field |
20131126133031.0 |
| 008 - FIXED-LENGTH DATA ELEMENTS--GENERAL INFORMATION |
| fixed length control field |
061006s2007 ctuab b 001 0 eng |
| 010 ## - LIBRARY OF CONGRESS CONTROL NUMBER |
| LC control number |
2006033475 |
| 020 ## - INTERNATIONAL STANDARD BOOK NUMBER |
| International Standard Book Number |
9780300116014 (cloth : alk. paper) |
| 040 ## - CATALOGING SOURCE |
| Original cataloging agency |
DLC |
| Transcribing agency |
DLC |
| Modifying agency |
DLC |
| 043 ## - GEOGRAPHIC AREA CODE |
| Geographic area code |
f------ |
| 050 00 - LIBRARY OF CONGRESS CALL NUMBER |
| Classification number |
GN645 |
| Item number |
.S515 2007 |
| 082 00 - DEWEY DECIMAL CLASSIFICATION NUMBER |
| Classification number |
306.3096 |
| Edition number |
22 |
| 300 ## - PHYSICAL DESCRIPTION |
| Other physical details |
ill., map ; |
| Dimensions |
25 cm. |
| 100 1# - MAIN ENTRY--PERSONAL NAME |
| Personal name |
Shipton, Parker MacDonald. |
| 9 (RLIN) |
3890 |
| 245 14 - TITLE STATEMENT |
| Title |
The nature of entrustment : |
| Remainder of title |
intimacy, exchange, and the sacred in Africa / |
| Statement of responsibility, etc |
Parker Shipton. |
| 260 ## - PUBLICATION, DISTRIBUTION, ETC. (IMPRINT) |
| Place of publication, distribution, etc |
New Haven : |
| Name of publisher, distributor, etc |
Yale University Press, |
| Date of publication, distribution, etc |
c2007. |
| 300 ## - PHYSICAL DESCRIPTION |
| Extent |
xviii, 281 p. : |
| 490 0# - SERIES STATEMENT |
| Series statement |
Yale agrarian studies series |
| 504 ## - BIBLIOGRAPHY, ETC. NOTE |
| Bibliography, etc |
Includes bibliographical references (p. [253]-271) and index. |
| 505 0# - FORMATTED CONTENTS NOTE |
| Formatted contents note |
Fiduciary culture : a thread in anthropological theory -- Luo and their livelihood : the Great Lake Basin and beyond -- Entrustment incarnate : humans and animals over years and generations -- Teaming up : borrowing, lending, and getting by -- Marriage on the installment plan : the present and the promised -- Debts in life and death : shared responsibility and the funerary flow -- In the passing : inheritance of things and persons -- Blood, fire, and word : Luo, Christian, and Luo-Christian sacrifice -- Conclusion : Entrustment and obligation. |
| 650 #0 - SUBJECT ADDED ENTRY--TOPICAL TERM |
| Topical term or geographic name as entry element |
Economic anthropology |
| Geographic subdivision |
Great Lakes Region (Africa) |
| 9 (RLIN) |
3891 |
| 650 #0 - SUBJECT ADDED ENTRY--TOPICAL TERM |
| Topical term or geographic name as entry element |
Ceremonial exchange |
| Geographic subdivision |
Great Lakes Region (Africa) |
| 9 (RLIN) |
3892 |
| 650 #0 - SUBJECT ADDED ENTRY--TOPICAL TERM |
| Topical term or geographic name as entry element |
Luo (Kenyan and Tanzanian people) |
| General subdivision |
Finance. |
| 9 (RLIN) |
3893 |
| 650 #0 - SUBJECT ADDED ENTRY--TOPICAL TERM |
| Topical term or geographic name as entry element |
Luo (Kenyan and Tanzanian people) |
| General subdivision |
Commerce. |
| 9 (RLIN) |
3894 |
| 650 #0 - SUBJECT ADDED ENTRY--TOPICAL TERM |
| Topical term or geographic name as entry element |
Luo (Kenyan and Tanzanian people) |
| General subdivision |
Economic conditions. |
| 9 (RLIN) |
3895 |
| 651 #0 - SUBJECT ADDED ENTRY--GEOGRAPHIC NAME |
| Geographic name |
Great Lakes Region (Africa) |
| General subdivision |
Economic conditions. |
| 9 (RLIN) |
3896 |
| 651 #0 - SUBJECT ADDED ENTRY--GEOGRAPHIC NAME |
| Geographic name |
Great Lakes Region (Africa) |
| General subdivision |
Social life and customs. |
| 9 (RLIN) |
3897 |
| 856 41 - ELECTRONIC LOCATION AND ACCESS |
| Materials specified |
Table of contents only |
| Uniform Resource Identifier |
<a href="http://www.loc.gov/catdir/toc/ecip072/2006033475.html">http://www.loc.gov/catdir/toc/ecip072/2006033475.html</a> |
| 906 ## - LOCAL DATA ELEMENT F, LDF (RLIN) |
| a |
7 |
| b |
cbc |
| c |
orignew |
| d |
1 |
| e |
ecip |
| f |
20 |
| g |
y-gencatlg |
| 942 ## - ADDED ENTRY ELEMENTS (KOHA) |
| Source of classification or shelving scheme |
Library of Congress Classification |
| Koha item type |
Monograph ( Printed materials) |